000 00643nam a2200229 a 4500
999 _c5448
_d5448
001 5448
003 BD-JhCC
005 20220207134017.0
008 171214s2007 bg a|||| ||a| 000 0 ben d
035 _a(BD-JhCC)5448
040 _aBD-JhCC
_dBD-JhCC
041 _aben
082 _a530
_bKHA 2007
100 _aKhan, Amir Hussain
245 _aHigher Secondary Physics : First Paper /
_cAmir Hussain Khan; Mohammad Ishaque
260 _aঢাকা :
_bআইডিয়াল বুকস,
_c2007.
300 _a640 p. :
_billu;
_c24 cm.
650 _aPhysics
700 _aIshaque, Mohammad
942 _2ddc
_cBK
_04